000 00630nam a2200205Ia 4500
003 GCL
008 140319s9999 xx 000 0 ara d
040 _aGCL /
_cGCL
082 0 4 _a811.9
_bص ا
100 1 _aصلاح عبدالصبور
245 1 0 _aاصوات العصر /
_cصلاح عبدالصبور
250 _aالثانية
260 _aالقاهرة :
_bدار الشروق ،
_c1985
300 _a189 ص ؛
_c24 سم
490 _a
650 0 4 _aالادب - تاريخ ونقد
650 0 4 _aالادب العربى - تاريخ ونقد
650 0 4 _aالمسرح - تاريخ ونقد
942 _2ddc
_cBK
999 _c45896
_d45896